What you see is what you get / (Record no. 14171)
[ view plain ]
| 000 -LEADER | |
|---|---|
| fixed length control field | 01580nam a22003257a 4500 |
| 001 - CONTROL NUMBER | |
| control field | B-263196-201 |
| 003 - CONTROL NUMBER IDENTIFIER | |
| control field | dpl |
| 005 - DATE AND TIME OF LATEST TRANSACTION | |
| control field | 20080603121855.0 |
| 008 - FIXED-LENGTH DATA ELEMENTS--GENERAL INFORMATION | |
| fixed length control field | 080603t xxu||||| |||| 00| 0 eng d |
| 010 ## - LIBRARY OF CONGRESS CONTROL NUMBER | |
| LC control number | B-263196-201 |
| 020 ## - INTERNATIONAL STANDARD BOOK NUMBER | |
| International Standard Book Number | 8189975064 |
| Terms of availability | 90.00 |
| 035 ## - SYSTEM CONTROL NUMBER | |
| System control number | B-263196-201 |
| 037 ## - SOURCE OF ACQUISITION | |
| Source of stock number/acquisition | Westland Books/30/04/08/31/8.4.08/19.5.08/ |
| Stock number | OS/2008/000016 |
| 040 ## - CATALOGING SOURCE | |
| Original cataloging agency | DPL |
| Language of cataloging | EN |
| 082 ## - DEWEY DECIMAL CLASSIFICATION NUMBER | |
| Classification number | S / WAT |
| 100 ## - MAIN ENTRY--PERSONAL NAME | |
| Personal name | |
| 245 ## - TITLE STATEMENT | |
| Title | What you see is what you get / |
| Statement of responsibility, etc | adapted by Alice Alfonsi |
| 260 ## - PUBLICATION, DISTRIBUTION, ETC. (IMPRINT) | |
| Place of publication, distribution, etc | Chennai |
| Name of publisher, distributor, etc | Westland Books |
| Date of publication, distribution, etc | 2007 |
| 270 ## - ADDRESS | |
| Address | 571, Poonamalle High Road, Aminjikarai, |
| City | Chennai |
| Postal code | 600029 |
| 300 ## - PHYSICAL DESCRIPTION | |
| Extent | 137p. |
| Dimensions | 19 cm (pbk) |
| 490 ## - SERIES STATEMENT | |
| Series statement | That's so raven / created by Michael Poryes [and] Susan Sherman |
| 700 ## - ADDED ENTRY--PERSONAL NAME | |
| Personal name | Alfonsi, Alice |
| 942 ## - ADDED ENTRY ELEMENTS (KOHA) | |
| Source of classification or shelving scheme | Dewey Decimal Classification |
| Koha item type | Children Books |
| Classification part | S / WAT |
| Withdrawn status | Lost status | Damaged status | Not for loan | Collection code | Home library | Current library | Date acquired | Cost, normal purchase price | Total Checkouts | Full call number | Barcode | Date last seen | Copy number | Cost, replacement price | Price effective from | Koha item type | Source of classification or shelving scheme | Date checked out |
|---|---|---|---|---|---|---|---|---|---|---|---|---|---|---|---|---|---|---|
| Fiction | Bawana | Bawana | 02/07/2008 | 90.00 | 1 | S / WAT | B-263200 | 05/07/2023 | 1 | 90.00 | 15/09/2008 | Children Books | Dewey Decimal Classification | 28/06/2023 | ||||
| Fiction | Central Library | Central Library | 02/07/2008 | 90.00 | S / WAT | B-263196 | 15/09/2008 | 1 | 90.00 | 15/09/2008 | Children Books | |||||||
| Fiction | Jor Bagh (Children Lib) | Jor Bagh (Children Lib) | 02/07/2008 | 90.00 | S / WAT | B-263199 | 15/09/2008 | 1 | 90.00 | 15/09/2008 | Children Books | |||||||
| Fiction | Patel Nagar | Patel Nagar | 02/07/2008 | 90.00 | S / WAT | B-263197 | 15/09/2008 | 1 | 90.00 | 15/09/2008 | Children Books | |||||||
| Fiction | Sarojini Nagar | Sarojini Nagar | 02/07/2008 | 90.00 | S / WAT | B-263198 | 15/09/2008 | 1 | 90.00 | 15/09/2008 | Children Books | |||||||
| Fiction | Shahdara Branch | Shahdara Branch | 02/07/2008 | 90.00 | S / WAT | B-263201 | 15/09/2008 | 1 | 90.00 | 15/09/2008 | Children Books |
